Sobre la inefabilidad de Dios: experiencias de un Teólogo Católico

-д хадгалсан:
Номзүйн дэлгэрэнгүй
Үндсэн зохиолч: Rahner, Karl (Зохиогч)
Формат: Ном
Хэл сонгох:испани
Хэвлэсэн: Barcelona Herder 2005
Хэвлэл:1a. ed
Нөхцлүүд:
Шошгууд: Шошго нэмэх
Шошго байхгүй, Энэхүү баримтыг шошголох эхний хүн болох!

MARC

LEADER 00000nam a2200000 a 4500
001 UCJ8989
003 CL-VaPUC
008 070126e20050000SP |||||||||||||||||spa|d
020 |a 8425424100 
082 0 4 |a 231.042  |b RAH  |2 21 
100 0 |a Rahner, Karl  |e author  |9 314306 
245 1 0 |a Sobre la inefabilidad de Dios: experiencias de un Teólogo Católico 
250 |a 1a. ed 
300 |a 61 p 
942 |c BK 
945 |d 20070126 00:00:00  |a lvergara 
260 |a Barcelona  |b Herder  |c 2005 
600 0 7 |a RAHNER, KARL  |2 CL-VaPUC  |9 314306 
600 0 |a Dios  |9 314467 
650 0 |a Existencia de Dios   |9 266954 
650 0 |a Catolicismo  |9 258690 
650 0 |a Sacerdotes   |9 315705 
583 |a last modification  |c 20070126 00:00:00  |k Rodrigo Vera 
999 |c 324632  |d 324630 
952 |0 0  |1 0  |4 0  |6 231_042000000000000_RAH_2005  |7 0  |8 A  |9 404905  |a BIBTEO  |b BIBTEO  |d 2019-11-22  |i 4281853  |o 231.042 RAH 2005  |p 4281853  |r 2025-01-17  |w 2019-11-22  |y BK  |k ICR